000 00805nam a2200241 u 4500
005 20220919093029.0
008 191209s1982 sp r 000 0 spa d
020 _a8420721867
035 _aUPN01000234735
040 _aMX-MxUPN
_bspa
_cMX-MxUPN
050 4 _aHM134
_bD56 1982
245 0 0 _aDinámica de grupos /
_cA. M. Däumling [y otros tres] ; traducción de Rodolfo Cabello Heras.
260 _aMadrid, España :
_bAnaya,
_c1982.
300 _a235 páginas
490 _aCiencias de la educación
500 _aTraducción de: Angewandte Gruppendynamik
650 2 _921274
_aEntrenamiento en relaciones de grupo
700 1 _aDäumling, Adolf,
_d1917-2011
_946001
700 1 _aCabello Heras, Rodolfo
_etraductor
_946002
905 _aLibro
942 _n0
_2lcc
_cLIBRO
999 _c206830
_d206830